| 000 | 01086nam a22002177a 4500 | ||
|---|---|---|---|
| 005 | 20111201154059.0 | ||
| 008 | 111201s2006 ua|||||r|||| 00| 0 ara d | ||
| 020 | _a9773091546 | ||
| 082 |
_222 _a309.162 _bن و ع |
||
| 245 |
_aنوعية الحياة في منطقة عشوائية : _bدراسة ميدانية لعشش الشرابية / _cمحمود الكردي...[وآخ.] |
||
| 246 | _aدراسة ميدانية لعشش الشرابية | ||
| 260 |
_aالقاهرة : _b[المركز القومي للبحوث الاجتماعية والجنائية]؟، _c2006 |
||
| 300 |
_a289 ص. ؛ _c24 سم. |
||
| 504 | _aيشتمل على ارجاعات ببلوجرافية | ||
| 650 |
_927973 _aالمساكن الشعبية _zمصر |
||
| 651 |
_927974 _aالقاهرة (مصر) _xاحوال اجتماعية |
||
| 653 |
_bAra _cDecember2011 |
||
| 700 |
_927972 _aالكردي، محمود |
||
| 942 |
_2ddc _cBB |
||
| 999 |
_c16286 _d16286 |
||